000 00610nam a2200229Ia 4500
003 OSt
005 20220918183238.0
006 a|||||r|||| 00| 0
007 ta
008 220917b |||||||| |||| 00| 0 eng d
024 _a36,889
037 _cTextual
040 _aARTS
_cARTS
_beng
041 _2eng
_aeng
082 _aO142,3x, 111K0
245 0 _aSuch a simple thing and other Soviet stories
260 _aMoscow
_bForeign Language Pub. House
_c1960
300 _a455p.
_ccm.
650 _aENGLISH LITERATURE
942 _hO142,3x, 111K0
_cTEXL
_2CC
999 _c171956
_d171956